00362nam a22001457a 4500003000400000008004100004020001800045082001400063100002300077245004300100260002600143300001100169650001700180700001900197OSt260210b |||||||| |||| 00| 0 eng d a9789352702718 a615.1 BHP aBhandari, Prasan.R aPharmacology for Medical Undergradutes aN.DelhibJaypeec2025 axx,568 aPharmacology aNiranjan Kumar